000 01096nam a2200313 4500
001 132966
003 ES-MaACL
005 20250814053136.0
007 t|
008 070214s1921 sp r ||||1| spa d
080 _a821.411.21
080 _a133
080 _a141.332
080 _a821.411.21 Mil y una noches.07
100 1 _aRoso de Luna, Mario,
_d1872-1931
_999794
245 1 3 _aEl velo de Isis o Las mil y una noches ocultistas /
_cMario Roso de Luna.
260 _aMadrid :
_bHesperia,
_c1921.
300 _a224 p. ;
_c24 cm.
490 1 _aObras completas de Mario Roso de Luna ;
_v20
490 1 _aBiblioteca teosófica de las maravillas. Serie B ;
_v10
630 4 4 _aLas mil y una noches.
_9172996
650 7 _aTeosofía
_2embne
_917478
650 7 _aOcultismo
_2embne
_915681
740 4 2 _aLas mil y una noches ocultistas.
830 1 _aObras completas de Mario Roso de Luna
_v20
_9186911
830 1 _aBiblioteca teosófica de las maravillas. Serie B ;
_v10
_9186919
852 _aES-MaACL
_jB-8583(3)
_z- Enc. con otras obras
999 _c132966
_d132966